000 00692nam a2200229 i 4500
003 IT-RoINE
005 20180510102407.0
008 080929s1961 sp |||||r |00||| spa|d
040 _aUPCO
_dUPSA
_dIT-RoINE
_cesslup IT-RoINE
100 1 _aDelgado Espinosa, Honorio,
_d1892-1969
_948850
245 1 0 _aDe la cultura y sus artífices /
_cHonorio Delgado.
260 _aMadrid :
_bAguilar,
_c1961.
300 _a402 p. ;
_c21 cm.
336 _2rdacontent
_atext
337 _2rdamedia
_aunmediated
338 _2rdacarrier
_avolume
490 1 _aEnsayistas hispánicos
650 4 _aCultura
_948851
650 4 _aCivilización
_93010
830 0 _913663
_aEnsayistas hispánicos
942 _cMTS
999 _c24649
_d24649